000 00421nam a2200121Ia 4500
008 220615s9999||||xx |||||||||||||| ||und||
100 _aKnisel, Elke
245 0 _aHealth Promotion at School
546 _aEnglish[eng]
650 _aHealth promotion||health awareness||health didactics||Physical Education||teacher education
856 _uhttps://library.oapen.org/bitstream/20.500.12657/23230/1/1006924.pdf
942 _cEB
999 _c15879
_d15879